Sports Quiz

Random Sports or Football Quiz
Score 0/20 Timer 05:00
0 Plays Today
Sponsor Team % Correct
Fly EmiratesArsenal
92.7%
AIGManchester United
89.2%
SamsungChelsea
87.2%
CarlsbergLiverpool
86.7%
Etihad AirwaysManchester City
79.5%
ChangEverton
78.8%
BritanniaStoke City
72.7%
LGFulham
64.5%
Mansion.comTottenham Hotspur
60.1%
AcornsAston Villa
57.2%
Sponsor Team % Correct
F&C InvestmentsBirmingham
50%
Crown PaintsBlackburn Rovers
49.8%
SBOBETWest Ham United
49%
BoylesportsSunderland
45%
JobsitePortsmouth
43.3%
188BETBolton Wanderers
42.4%
188BETWigan Athletic
38.1%
CookeBurnley
31.5%
SportingbetWolverhampton Wanderers
30.6%
TotesportHull City
29.2%

You're not logged in!

Compare scores with friends on all Sporcle quizzes.
OR
Log In

Sporcle TV

Today on Sporcle TV


Watch our educational content, quiz creation guides, and fun videos on Sporcle TV.

Show Comments

Extras

Top Quizzes Today


Score Distribution

Paid Content

Your Account Isn't Verified!

In order to create a playlist on Sporcle, you need to verify the email address you used during registration. Go to your Sporcle Settings to finish the process.

Report this User

Report this user for behavior that violates our Community Guidelines.

Details: